Doing a research project in nursing & midwifery: a basic guide to research using the literature review methodology

Saved in:
Bibliographic Details
Main Author: SIU, Carroll
Format: Book
Language:English
Published: SAGE Publications 2013
Tags: Add Tag
No Tags, Be the first to tag this record!

MARC

LEADER 00000nam a22000007a 4500
008 210122b ||||| |||| 00| 0 eng d
020 |a 978-0-85702-748-1 
100 |a SIU, Carroll. 
245 |a Doing a research project in nursing & midwifery:   |b a basic guide to research using the literature review methodology  |c Carroll Siu and Huguette Comerasamy  |g xvi, 196p.: ill. 
260 |b SAGE Publications  |c 2013  |h Los Angeles:   |i 693311  |i 693312  |l RT81.5 .Si9  |m Nursing – Research – Methodology.   |m Midwifery – Research – Methodology. 
500 |a “It includes references and index”. 
942 |a lcc  |c BK  |e Adeniran, F. A  |f 22/01/2021 
952 |0 0  |1 0  |2 lcc  |4 0  |6 RT00815 S I9  |7 0  |9 1635  |a HOL  |b HE  |c QZ  |d 2021-01-22  |l 0  |o RT81.5 .Si9  |p 2021-0422  |r 2021-01-22 00:00:00  |w 2021-01-22  |y BK 
952 |0 0  |1 0  |2 lcc  |4 0  |6 RT00815 S I9  |7 0  |9 1636  |a HOL  |b HOL  |c QZ  |d 2021-01-22  |l 0  |o RT81.5 .Si9  |p 2021-0423  |r 2021-01-22 00:00:00  |w 2021-01-22  |y BK 
999 |c 867  |d 867